000 00830nam a2200217 a 4500
001 84558
003 BD-RjUL
005 20241223130227.0
008 241223s1981 bg ||||| |||| 00| 0 ben d
035 _a(BD-RjUL)84558
040 _aBD-RjUL
_beng
_cBD-RjUL
041 _aben
082 _223
_a891.4409
_bMIS 1981
100 _aমিত্র, প্রেমেন্দ্র
_98465
245 _aশত প্রসঙ্গ /
_cপ্রেমেন্দ্র মিত্র
260 _aকলিকাতা :
_bএম, সি, সরকারর এণ্ড কো:,
_c১৯৮১
300 _a৩৭৫ পৃ.;
_c২২ সেমি.
650 _aবাংলা সাহিত্য
_vইতিহাস ও সমালোচনা
650 _aBengali literature
_vHistory and criticism
942 _2ddc
_cBK
999 _c84558
_d84558